Skąd Pochodzą Polscy Raperzy? - Statystyki

Ogólne statystyki
  • Ten quiz został rozwiązany 538 razy
  • Średni wynik to 5 z 15
Statystyki odpowiedzi
Raper Miasto % Poprawnych
Mata Warszawa
96%
Quebonafide Ciechanów
59%
Taco Hemingway Kair
54%
Kizo Gdańśk
50%
Paluch Poznań
48%
Jan-Rapowanie Kraków
41%
Borixon Kielce
36%
Szpaku Morąg
35%
Żabson Opoczno
32%
Guzior Wrocław
24%
Białas Teresin
18%
Reto Piastów
16%
Tymek Opole
13%
Deys Kraków
11%
Gedz Malbork
8%
Nie znaleziono quizów pasujących do podanych kryteriów
Rozkład punktacji
Procent ludzi z każdym wynikiem
Percentyl według liczby udzielonych odpowiedzi
Twoja historia wyników
Nie rozwiązałeś tego quizu